| 000 | 00835nam a22002775i 4500 | ||
|---|---|---|---|
| 001 | 10626 | ||
| 003 | ES-MaACL | ||
| 005 | 20260214131606.0 | ||
| 007 | t| | ||
| 008 | 941004s1994 sp ||||0| spa j | ||
| 020 | _a84-87101-93-3 | ||
| 040 |
_aM-BN _bspa _cM-BN |
||
| 080 | _a820(73)-14"19" | ||
| 100 | 1 |
_aAuden, W. H. _923843 |
|
| 245 | 1 | 0 |
_aOtro tiempo / _cW.H. Auden ; versión de Alvaro García. |
| 260 |
_aValencia : _bPre-Textos, _c1993 [ i.e. 1994 ] |
||
| 300 |
_a229 p ; _c22 cm. |
||
| 490 | 1 | _aColección La cruz del sur | |
| 500 | _aEn el lomo: 181. | ||
| 500 | _aTexto en inglés y traducción en español. | ||
| 700 | 0 |
_aGarcía López, Álvaro _953996 |
|
| 830 | 0 |
_aColección La cruz del sur _9178835 |
|
| 852 |
_aES-MaACL _jL-18029 _bR.123486 |
||
| 999 |
_c10626 _d10626 |
||